LDR 00692naa#a2200193#i#450# 001 EN\\bibl\118057 005 20260418002321.6 011 ## _a2782-4586 100 ## _a20260331b2026####ek#y0engy0150####ca 102 ## _aRU 200 1# _aPersonnel shortage in Healthcare: economic costs and solutions through the National Project "Cadres" _eJournal article 210 1# _aMoscow _cITBO University _d2026 215 ## _a6 с. 608 ## _aJournal article _2local 675 ## _aЭкономические науки в целом. Политическая экономия. 330 _z 700 #1 _aKantemirova _gMira Aslangerievna 700 #1 _aDulaeva _gDiana Alanovna 700 #1 _aAlborov _gHetag Hamycevich 856 4# _azhpi.ru _u